Statistics for AMERICAN HORROR STORY QUIZ

Click here to take the quiz!

General Stats

  • This quiz has been taken 504 times
  • The average score is 5 of 7

Answer Stats

HintAnswer% Correct
SEASON 1Murder house
97%
SEASON 2Asylum
97%
SEASON 3COVEN
97%
SEASON 4freak show
96%
SEASON 5hotel
95%
kit walkerevan peters
42%
SEASON 6my roanoke nightmare
22%

Score Distribution

Percentile by Number Answered

Percent of People with Each Score

Your Score History

You have not taken this quiz